[Event "Moscow Open 2009 A"]
[Site ""]
[Date "2009.02.01"]
[Round "2.83"]
[White "Safarli, Eltaj"]
[Black "Arslanov, Shamil"]
[Result "1-0"]
[WhiteElo "2564"]
[BlackElo "2316"]
[Annotator ""]
[Source ""]
[Remark ""]

1.e4 e6 2.d4 d5 3.exd5 exd5 4.c4 Nf6 5.Nc3 Be7 6.Bd3 Nc6 7.cxd5
Nb4 8.Bb1 Nbxd5 9.Nge2 O-O 10.O-O Be6 11.Ng3 Qd7 12.h3 Rad8 13.Qf3
g6 14.Re1 Rfe8 15.Bg5 Nxc3 16.bxc3 Qd5 17.Ne4 Nxe4 18.Bxe7 Nd2
19.Qf6 Bxh3 20.f3 Rd7 21.Be4 Nxe4 22.Rxe4 Be6 23.Ba3 Qf5 24.Qh4
Qa5 25.Bb4 Qb5 26.Rae1 b6 27.Ba3 Rd5 28.Be7 c5 29.Rf4 cxd4 30.cxd4
Rh5 31.Qf2 Rc8 32.Ba3 1-0

[Event "Moscow Open 2009 A"]
[Site ""]
[Date "2009.02.01"]
[Round "2.84"]
[White "Egorov, Dmitry"]
[Black "Kharitonov, Andrei V"]
[Result "0-1"]
[WhiteElo "2346"]
[BlackElo "2563"]
[Annotator ""]
[Source ""]
[Remark ""]

1.e4 e5 2.Nf3 Nc6 3.Bc4 Nf6 4.Ng5 d5 5.exd5 Na5 6.Bb5+ c6 7.dxc6
bxc6 8.Be2 h6 9.Nh3 Bc5 10.d3 O-O 11.c3 Nb7 12.Nd2 Nd5 13.Ne4
Bb6 14.c4 Bxh3 15.gxh3 Nf4 16.Bxf4 exf4 17.O-O Qh4 18.Bf3 Rad8
19.Bg2 f5 20.Nc3 Nc5 21.d4 Ne6 22.c5 Nxc5 23.Qf3 Rxd4 24.Rae1
Rd6 25.Re5 Ne6 26.Ne2 Qf6 27.Rxe6 Qxe6 28.Nxf4 Qxa2 29.Qg3 Rfd8
30.b3 Qd2 31.Bf3 Re8 32.Kg2 Bc7 33.Rd1 Qb4 34.Nh5 Re7 35.Rxd6
Qxd6 36.Qxd6 Bxd6 37.Bxc6 Kf7 38.Ng3 Bxg3 39.hxg3 Kf6 0-1

[Event "Moscow Open 2009 A"]
[Site ""]
[Date "2009.02.01"]
[Round "2.85"]
[White "Gerasimov, Ivan"]
[Black "Sjugirov, Sanan"]
[Result "1/2-1/2"]
[WhiteElo "2342"]
[BlackElo "2562"]
[Annotator ""]
[Source ""]
[Remark ""]

1.e4 c5 2.Nf3 d6 3.d4 cxd4 4.Nxd4 Nf6 5.Nc3 a6 6.Be2 e5 7.Nb3
Be7 8.Bg5 Nbd7 9.a4 h6 10.Be3 b6 11.O-O Bb7 12.Bf3 O-O 13.Re1
Bc6 14.Qd3 Qc7 15.Nd2 Rfd8 16.Nd5 Bxd5 17.exd5 Rdc8 18.c3 Bf8
19.Rec1 g6 20.b4 Bg7 21.a5 b5 22.Rab1 Qd8 23.h4 e4 24.Bxe4 Ne5
25.Qe2 Nxe4 26.Nxe4 f5 27.Bb6 Qe7 28.Nd2 Qxh4 29.Bd4 Re8 30.Bxe5
Bxe5 31.Nf3 Bh2+ 32.Kf1 Qh5 33.Qd2 g5 34.Re1 g4 35.Ng1 Be5 36.f4
gxf3 37.Nxf3 Ra7 38.Nxe5 dxe5 39.Kg1 Rg7 40.d6 e4 41.Qd5+ Kh8
42.Rb2 Reg8 43.d7 Rd8 44.Rf2 Rdxd7 45.Qxf5 Qxf5 46.Rxf5 Rc7 47.Rxe4
Rxc3 48.Re6 Rc4 49.Rxa6 Rxb4 50.Rxh6+ Kg8 51.Rb6 Rb1+ 52.Kh2
Rh7+ 53.Kg3 Rg7+ 1/2-1/2

[Event "Moscow Open 2009 A"]
[Site ""]
[Date "2009.02.01"]
[Round "2.86"]
[White "Yudin, Sergei"]
[Black "Dubov, Daniil"]
[Result "1-0"]
[WhiteElo "2562"]
[BlackElo "2308"]
[Annotator ""]
[Source ""]
[Remark ""]

1.d4 d5 2.c4 e6 3.Nf3 c6 4.Nbd2 Nf6 5.g3 c5 6.Bg2 Nc6 7.O-O cxd4
8.cxd5 Nxd5 9.Nb3 Be7 10.Nfxd4 Nxd4 11.Nxd4 O-O 12.Qb3 Bf6 13.Rd1
Qa5 14.e4 Bxd4 15.Rxd4 Nf6 16.Bd2 Qh5 17.Bc3 e5 18.Rd6 b6 19.Qb5
Bh3 20.f3 Bxg2 21.Kxg2 Rfe8 22.a4 Rab8 23.a5 bxa5 24.Qd3 Rb6
25.Rd8 Rbe6 26.Rxa5 g5 27.Rxe5 Rxe5 1-0

[Event "Moscow Open 2009 A"]
[Site ""]
[Date "2009.02.01"]
[Round "2.87"]
[White "Zherebukh, Yaroslav"]
[Black "Syrchikov, Alexander"]
[Result "1-0"]
[WhiteElo "2558"]
[BlackElo "2261"]
[Annotator ""]
[Source ""]
[Remark ""]

1.e4 c5 2.Nf3 d6 3.d4 cxd4 4.Nxd4 Nf6 5.Nc3 g6 6.Be3 Bg7 7.f3
Nc6 8.Qd2 O-O 9.Bc4 Bd7 10.O-O-O Qc7 11.Bb3 Rfc8 12.g4 Na5 13.Kb1
Nc4 14.Bxc4 Qxc4 15.h4 b5 16.h5 b4 17.Nd5 Nxd5 18.exd5 g5 19.Bxg5
Qxd4 20.Qxd4 Bxd4 21.Rxd4 f6 22.Bd2 a5 23.Re1 Kf7 24.Rde4 Re8
25.Rf4 Rac8 26.Be3 e5 27.dxe6+ Rxe6 28.Kc1 Re5 29.Kd2 Be6 30.b3
f5 31.g5 Rd5+ 32.Bd4 Rg8 33.Rg1 Bd7 34.Kc1 Be6 35.g6+ hxg6 36.h6
Re5 37.Rh4 1-0

[Event "Moscow Open 2009 A"]
[Site ""]
[Date "2009.02.01"]
[Round "2.88"]
[White "Ponkratov, Pavel"]
[Black "Biryukov, Mikhail"]
[Result "1-0"]
[WhiteElo "2557"]
[BlackElo "2257"]
[Annotator ""]
[Source ""]
[Remark ""]

1.c4 e5 2.Nc3 Nf6 3.Nf3 Nc6 4.a3 d5 5.cxd5 Nxd5 6.e4 Nb6 7.Bb5
Bd6 8.d4 exd4 9.Nxd4 Bd7 10.Nxc6 Bxc6 11.Bxc6+ bxc6 12.O-O O-O
13.Qc2 Qe7 14.f4 f6 15.Ne2 c5 16.a4 Rab8 17.Bd2 Rfd8 18.Bc3 Qe6
19.Ng3 Bf8 20.a5 Nc8 21.e5 fxe5 22.Bxe5 Bd6 23.Bc3 Ne7 24.f5
Qe3+ 25.Kh1 Qh6 26.Bd2 Qf6 27.Ne4 Qe5 28.Nxd6 Qxd6 29.Be3 Qe5
30.Bg5 Re8 31.f6 gxf6 32.Bxf6 Qh5 33.Ra3 1-0

[Event "Moscow Open 2009 A"]
[Site ""]
[Date "2009.02.01"]
[Round "2.89"]
[White "Przybylski, Wojciech"]
[Black "Yakovich, Yuri"]
[Result "0-1"]
[WhiteElo "2337"]
[BlackElo "2556"]
[Annotator ""]
[Source ""]
[Remark ""]

1.e4 c5 2.Nf3 e6 3.d4 cxd4 4.Nxd4 a6 5.Bd3 Bc5 6.Nb3 Be7 7.Qg4
g6 8.Qe2 d6 9.O-O Nd7 10.Na3 Ne5 11.Nc4 Nxc4 12.Bxc4 b6 13.a4
Bb7 14.a5 b5 15.Bd3 Nf6 16.Bh6 Bf8 17.Bf4 Bg7 18.Rfd1 O-O 19.c3
Qe7 20.f3 Rfd8 21.Bg5 h6 22.Be3 Nd7 23.Qf2 Ne5 24.Bb6 Rdc8 25.Bf1
Nc4 26.Bxc4 Rxc4 27.Nd2 Rcc8 28.Nf1 d5 29.exd5 Bxd5 30.Ne3 Bb3
31.Rd3 b4 32.cxb4 Qxb4 33.Qd2 Qb5 34.Ra3 Bc4 35.Nxc4 Rxc4 36.b3
Rc6 37.Ra4 Rac8 38.Rd8+ Rxd8 39.Qxd8+ Kh7 40.Rc4 Rxc4 41.bxc4
Qxc4 42.Qd7 e5 43.g3 h5 44.Kg2 Bf6 45.Qd2 e4 46.fxe4 Qxe4+ 47.Kg1
Kg7 48.h4 Qb1+ 49.Kf2 Qb2 50.Ke2 Qxd2+ 51.Kxd2 Be5 52.Bf2 Bc7 0-1

[Event "Moscow Open 2009 A"]
[Site ""]
[Date "2009.02.01"]
[Round "2.90"]
[White "Chernyshov, Konstantin"]
[Black "Chizhikov, Vladislav"]
[Result "1-0"]
[WhiteElo "2544"]
[BlackElo "2167"]
[Annotator ""]
[Source ""]
[Remark ""]

1.c4 e5 2.Nc3 Nf6 3.Nf3 Nc6 4.d3 d5 5.cxd5 Nxd5 6.g3 Be7 7.Nxd5
Qxd5 8.Bg2 Be6 9.O-O Qd7 10.Be3 O-O 11.a3 f6 12.Nd2 Bd5 13.Bxd5+
Qxd5 14.Rc1 a5 15.Qa4 Rac8 16.Rc2 Nd8 17.Rfc1 Ne6 18.Ne4 c6 19.Nc3
Qd8 20.Qb3 Qd6 21.Qxb7 f5 22.Nb5 Qb8 23.Qxb8 Rxb8 24.Rxc6 Kf7
25.a4 f4 26.Bb6 Ng5 27.f3 Bb4 28.Bc5 Bd2 29.Rc2 Be3+ 30.Bxe3
fxe3 31.R2c5 Nh3+ 32.Kg2 Nf2 33.Rxe5 Nd1 34.Nd6+ Kg8 35.Nc4 Rfe8
36.Rxe8+ Rxe8 37.Rc5 Rd8 38.Rxa5 Rxd3 39.exd3 e2 40.Re5 Ne3+
41.Rxe3 1-0

[Event "Moscow Open 2009 A"]
[Site ""]
[Date "2009.02.01"]
[Round "2.91"]
[White "Leontiev, Aleksandr V"]
[Black "Tseshkovsky, Vitaly"]
[Result "0-1"]
[WhiteElo "2309"]
[BlackElo "2542"]
[Annotator ""]
[Source ""]
[Remark ""]

1.c4 e5 2.Nc3 d6 3.g3 g6 4.d4 Nd7 5.Nf3 Bg7 6.Bg2 Ne7 7.O-O O-O
8.e4 exd4 9.Nxd4 Nc6 10.Nde2 a5 11.Bf4 Nc5 12.Rb1 Ne5 13.b3 a4
14.Qc2 axb3 15.axb3 c6 16.Rfd1 Qe7 17.h3 f5 18.Nd4 fxe4 19.Nxe4
Nxe4 20.Qxe4 Qf7 21.Ra1 Rxa1 22.Rxa1 g5 23.Bxg5 Qxf2+ 24.Kh1
Qxg3 25.Be7 Nd3 26.Ra2 Nf2+ 27.Rxf2 Qxf2 0-1

[Event "Moscow Open 2009 A"]
[Site ""]
[Date "2009.02.01"]
[Round "2.93"]
[White "Galiaev, Andrey"]
[Black "Zinchenko, Yaroslav"]
[Result "0-1"]
[WhiteElo "2288"]
[BlackElo "2527"]
[Annotator ""]
[Source ""]
[Remark ""]

1.e4 c5 2.c3 d6 3.d4 Nf6 4.dxc5 Nc6 5.cxd6 Nxe4 6.dxe7 Qxd1+
7.Kxd1 Nxf2+ 8.Ke1 Nxh1 9.exf8Q+ Rxf8 10.Nf3 Bf5 11.Nd4 Nxd4
12.cxd4 O-O-O 13.Be3 Rfe8 14.Kd2 Rxe3 15.Kxe3 Re8+ 16.Kd2 Nf2
17.Nc3 Ne4+ 18.Nxe4 Rxe4 19.Kc3 Kc7 20.Bc4 f6 21.Rf1 Bg6 22.g3
Kd6 23.Rf4 Re7 24.Kd2 b6 25.h4 Be4 26.Rf1 f5 27.Re1 g6 28.a4
Rc7 29.b3 a5 30.Kc3 Re7 31.Kd2 h6 32.Re3 g5 33.hxg5 hxg5 34.Re2
Rh7 35.Ke3 Bd5 36.Bxd5 Re7+ 37.Kd3 Rxe2 38.Kxe2 Kxd5 39.Kd3 f4
40.g4 f3 41.Ke3 f2 42.Kxf2 Kxd4 43.Kf3 0-1

[Event "Moscow Open 2009 A"]
[Site ""]
[Date "2009.02.01"]
[Round "2.94"]
[White "Kolmakov, Pavel"]
[Black "Vasiukov, Evgeni"]
[Result "0-1"]
[WhiteElo "2284"]
[BlackElo "2515"]
[Annotator ""]
[Source ""]
[Remark ""]

1.e4 c5 2.Nf3 Nc6 3.d4 cxd4 4.Nxd4 Nf6 5.Nc3 d6 6.Bg5 Qb6 7.Nb3
e6 8.Qd2 a6 9.O-O-O Be7 10.f4 O-O 11.Bd3 Qc7 12.h4 b5 13.Qe2
b4 14.Bxf6 Bxf6 15.e5 dxe5 16.Ne4 Be7 17.Qh5 h6 18.g4 exf4 19.g5
Ne5 20.Nf6+ Kh8 21.Be4 Bb7 22.Bxb7 Qxb7 23.Ng4 Qf3 24.gxh6 Nxg4
25.hxg7+ Kxg7 26.Rhg1 f5 27.Nd4 Qe3+ 28.Kb1 Rad8 29.Rde1 Qxd4
30.Rxg4+ fxg4 31.Qxg4+ Kh7 32.Rg1 Qxg1+ 33.Qxg1 f3 34.h5 Rf6 0-1

[Event "Moscow Open 2009 A"]
[Site ""]
[Date "2009.02.01"]
[Round "2.95"]
[White "Pridorozhni, Aleksei"]
[Black "Seliverstov, Vitaliy"]
[Result "1-0"]
[WhiteElo "2515"]
[BlackElo "2156"]
[Annotator ""]
[Source ""]
[Remark ""]

1.e4 e6 2.d4 b6 3.c4 Bb7 4.Bd3 Bb4+ 5.Bd2 Bxd2+ 6.Nxd2 Nh6 7.Ngf3
O-O 8.O-O Qe7 9.Qc2 Nc6 10.a3 e5 11.d5 Nd8 12.b4 c5 13.Rfb1 d6
14.a4 Ng4 15.a5 Nf6 16.axb6 axb6 17.Rxa8 Bxa8 18.bxc5 bxc5 19.Qa4
Bb7 20.Qa7 Re8 21.Bc2 Bc8 22.Qa5 h6 23.Rb8 Nb7 24.Qa8 Qc7 25.Ba4
Rd8 26.Bc6 Na5 27.Ba4 Nb7 28.Qa7 Nd7 29.Bxd7 Qxd7 30.Qb6 Rf8
31.h3 Nd8 32.Nf1 g6 33.Ne3 Kg7 34.Ng4 f6 35.Ne3 Nf7 36.Nd2 Qd8
37.Qa7 Qd7 38.Qb6 1-0

[Event "Moscow Open 2009 A"]
[Site ""]
[Date "2009.02.01"]
[Round "2.96"]
[White "Khojayan, Vardan"]
[Black "Rychagov, Andrey"]
[Result "0-1"]
[WhiteElo "2272"]
[BlackElo "2514"]
[Annotator ""]
[Source ""]
[Remark ""]

1.d4 f5 2.Nf3 Nf6 3.c4 g6 4.Nc3 Bg7 5.g3 O-O 6.Bg2 d6 7.O-O Qe8
8.d5 a5 9.e4 fxe4 10.Ng5 Bg4 11.Qe1 Na6 12.Ncxe4 a4 13.Nxf6+
Bxf6 14.Qe4 Bf5 15.Qh4 Rf7 16.Be3 Nb4 17.Be4 h6 18.Nxf7 Bxh4
19.Nxh6+ Kh8 20.Bg5 0-1

[Event "Moscow Open 2009 A"]
[Site ""]
[Date "2009.02.01"]
[Round "2.97"]
[White "Gaspariants, Garry"]
[Black "Gurevich, Dmitry"]
[Result "0-1"]
[WhiteElo "2268"]
[BlackElo "2507"]
[Annotator ""]
[Source ""]
[Remark ""]

1.Nf3 c5 2.b3 d5 3.e3 a6 4.d4 cxd4 5.exd4 Bg4 6.Be2 Nf6 7.O-O
e6 8.c4 Nc6 9.Be3 Be7 10.Nbd2 O-O 11.Qc2 h6 12.Rfd1 Ba3 13.h3
Bh5 14.g4 Bg6 15.Qc3 b5 16.Bd3 Ne4 17.Bxe4 dxe4 18.Ne5 Bb4 19.Qb2
Nxe5 20.dxe5 Qh4 21.Kg2 h5 22.g5 Rad8 23.c5 Rd3 24.Rac1 0-1

[Event "Moscow Open 2009 A"]
[Site ""]
[Date "2009.02.01"]
[Round "2.98"]
[White "Galkin, Vladimir"]
[Black "Nyzhnyk, Illya"]
[Result "0-1"]
[WhiteElo "2194"]
[BlackElo "2503"]
[Annotator ""]
[Source ""]
[Remark ""]

1.e4 c5 2.Nf3 d6 3.d4 cxd4 4.Qxd4 Nc6 5.Bb5 Qd7 6.Bxc6 Qxc6 7.c4
b5 8.Na3 bxc4 9.O-O e5 10.Qxc4 Bb7 11.Re1 Nf6 12.Nd2 Qd7 13.Qd3
Be7 14.Ndc4 Nxe4 15.Rxe4 Bxe4 16.Qxe4 d5 17.Qxe5 dxc4 18.Be3
O-O 19.Nxc4 Bf6 20.Qh5 Qd3 21.Rc1 Rac8 22.b3 Rfd8 23.Bxa7 Ra8
24.Bb6 Rd5 25.Qf3 Rxa2 26.Qxd3 Rxd3 27.b4 Rc3 28.Re1 Re2 29.Ra1
h6 30.Na5 Re6 0-1

[Event "Moscow Open 2009 A"]
[Site ""]
[Date "2009.02.01"]
[Round "2.99"]
[White "Kabanov, Nikolai"]
[Black "Ezhikov, Vitaly"]
[Result "1-0"]
[WhiteElo "2502"]
[BlackElo "2136"]
[Annotator ""]
[Source ""]
[Remark ""]

1.e4 c6 2.d4 d5 3.e5 Bf5 4.Nf3 e6 5.Be2 c5 6.Be3 Qb6 7.Nc3 Nc6
8.Na4 Qa5+ 9.c3 cxd4 10.Nxd4 Nge7 11.b4 Qd8 12.Nc5 Nxd4 13.Bxd4
Qc7 14.O-O Nc6 15.f4 b6 16.Na6 Qb7 17.Bb5 Be7 18.g4 Be4 19.Qa4
Kd7 20.f5 Rhc8 21.fxe6+ Kxe6 22.Rae1 Nxd4 23.cxd4 Rc3 24.Rc1
Rac8 25.Nc5+ Bxc5 26.bxc5 Rxc1 27.Rxc1 Qe7 28.Ba6 Rc7 29.Re1
Qg5 30.Qe8+ Qe7 31.Bc8+ Rxc8 32.Qxc8+ 1-0

[Event "Moscow Open 2009 A"]
[Site ""]
[Date "2009.02.01"]
[Round "2.100"]
[White "Markevich, Arseniy"]
[Black "Ulko, Jaroslav"]
[Result "0-1"]
[WhiteElo "2116"]
[BlackElo "2501"]
[Annotator ""]
[Source ""]
[Remark ""]

1.d4 Nf6 2.Bg5 Ne4 3.Bf4 d5 4.Nd2 Bf5 5.e3 e6 6.Nxe4 Bxe4 7.f3
Bg6 8.Bd3 Nd7 9.Ne2 c5 10.c3 Qb6 11.Bxg6 hxg6 12.Qb3 Qa6 13.a4
Be7 14.Qb5 Qc6 15.O-O O-O 16.e4 a6 17.exd5 Qxd5 18.Qd3 cxd4 19.cxd4
Rac8 20.Rfd1 Nf6 21.Be5 Qc4 22.Nc3 Rfd8 23.Rac1 Qxd3 24.Rxd3
Nd5 25.Rcd1 Bb4 26.Nxd5 Rxd5 27.Bg3 Rc2 28.b3 Ba5 29.Bf2 Kf8
30.h3 Ke8 31.Be3 Kd7 32.f4 Bc3 33.Kh2 Kc6 34.Kg3 b5 35.axb5+
axb5 36.Kf3 b4 37.g3 Ra5 38.Ke4 f5+ 39.Kf3 Kd5 40.Bd2 Raa2 41.Be3
Rh2 42.h4 Rhb2 43.g4 Rh2 44.gxf5 gxf5 45.Kg3 Ke4 46.Bd2 Rhxd2
47.R3xd2 Bxd2 0-1

[Event "Moscow Open 2009 A"]
[Site ""]
[Date "2009.02.01"]
[Round "2.101"]
[White "Kanygin, Nikolai N"]
[Black "Gavrilov, Alexei"]
[Result "0-1"]
[WhiteElo "2106"]
[BlackElo "2481"]
[Annotator ""]
[Source ""]
[Remark ""]

1.d4 c5 2.e3 d5 3.b3 cxd4 4.exd4 Nc6 5.Nf3 Bg4 6.Be2 e6 7.O-O
Bd6 8.Bb2 Nge7 9.Nbd2 O-O 10.Ne5 Bxe2 11.Qxe2 Rc8 12.Nxc6 Rxc6
13.Nf3 Qc7 14.c3 Rc8 15.g3 a6 16.Rfc1 b5 17.Kg2 Qb7 18.b4 a5
19.a3 Ra8 20.Kg1 Rca6 21.Ne1 Nc8 22.Nd3 Nb6 23.Nc5 Bxc5 24.bxc5
Nc4 25.Rcb1 e5 26.Bc1 Re6 27.Be3 Rae8 28.Qd3 Qc6 29.a4 bxa4 30.Qc2
a3 31.Qb3 f5 32.Qb5 Qc8 0-1

[Event "Moscow Open 2009 A"]
[Site ""]
[Date "2009.02.01"]
[Round "2.102"]
[White "Bezgodov, Alexei"]
[Black "Yeo, Michael J"]
[Result "1/2-1/2"]
[WhiteElo "2475"]
[BlackElo "2120"]
[Annotator ""]
[Source ""]
[Remark ""]

1.e4 e5 2.Nf3 Nc6 3.Bb5 a6 4.Ba4 d6 5.O-O Bg4 6.h3 h5 7.d4 b5
8.Bb3 Nxd4 9.hxg4 Nxb3 10.axb3 hxg4 11.Ng5 Qd7 12.c4 b4 13.c5
c6 14.Nd2 f6 15.Nc4 fxg5 16.Bxg5 g6 17.Nxd6+ Bxd6 18.Qxd6 Qxd6
19.cxd6 Rh5 20.Bd2 Nf6 21.f3 Kd7 22.Bxb4 g3 23.Be1 Rg5 24.Bd2
Rh5 25.Rfc1 Rah8 26.Kf1 Rh1+ 27.Ke2 Rxc1 28.Rxc1 Rh2 29.Rg1 Kxd6
30.Bg5 Nh5 31.Ke3 Ke6 32.b4 Kd6 33.f4 Nxf4 34.Bxf4 exf4+ 35.Kxf4
Rh4+ 1/2-1/2

[Event "Moscow Open 2009 A"]
[Site ""]
[Date "2009.02.01"]
[Round "2.105"]
[White "Mikheev, Stanislav"]
[Black "Li, Chao B"]
[Result "0-1"]
[WhiteElo "2321"]
[BlackElo "2628"]
[Annotator ""]
[Source ""]
[Remark ""]

1.e4 c5 2.Nf3 Nc6 3.Bb5 Nf6 4.Nc3 Qc7 5.O-O Nd4 6.Bc4 d6 7.Nb5
Nxb5 8.Bxb5+ Bd7 9.Bxd7+ Qxd7 10.Qe2 e5 11.c3 Be7 12.d4 exd4
13.cxd4 O-O 14.b3 Rfe8 15.dxc5 Bf8 16.cxd6 Nxe4 17.Be3 Bxd6 18.Rac1
Ba3 19.Rc4 b5 20.Rd4 Qc6 21.Qd3 Rac8 22.Rd5 a6 23.Re5 Rxe5 24.Nxe5
Qc2 25.Qd5 Nd6 26.Rd1 Qe4 27.Qxe4 Nxe4 28.f3 Nc3 29.Rd7 f6 30.Nd3
Nxa2 31.Nf4 Bf8 32.Ne6 Re8 33.Bc5 Rxe6 34.Rd8 Kf7 35.Rxf8+ Kg6
36.Rd8 a5 37.Rd7 Nc1 38.Bf8 Re8 39.Rxg7+ Kf5 40.Bd6 Nxb3 41.Rxh7
Ke6 42.Bf4 Ra8 43.Rb7 a4 44.Rb6+ Kd5 45.Rxb5+ Kc4 46.Rb6 a3 47.Rc6+
Kd5 48.Rxf6 a2 49.Be5 Nd4 50.Bxd4 Kxd4 51.Rd6+ Ke3 52.Re6+ Kd2
53.Rd6+ Kc2 54.Rc6+ Kb2 55.Rb6+ Ka3 0-1

[Event "Moscow Open 2009 A"]
[Site ""]
[Date "2009.02.01"]
[Round "2.106"]
[White "Iordachescu, Viorel"]
[Black "Oganisjn, Roman"]
[Result "1-0"]
[WhiteElo "2584"]
[BlackElo "2321"]
[Annotator ""]
[Source ""]
[Remark ""]

1.e4 e6 2.d4 d5 3.Nc3 Be7 4.Nf3 Nf6 5.e5 Nfd7 6.Ne2 c5 7.c3 b6
8.Nf4 Nc6 9.h4 Qc7 10.a3 Bb7 11.Be3 O-O-O 12.Ng5 Ndxe5 13.dxe5
Nxe5 14.Nxf7 Nxf7 15.Nxe6 Qd7 16.Nxd8 Rxd8 17.Be2 Kb8 18.Bf4+
Ka8 19.Bg4 Qb5 20.Qe2 Qa4 21.O-O Bxh4 22.b4 Ba6 23.Qe3 Bxf1 24.Rxf1
Ng5 1-0

[Event "Moscow Open 2009 A"]
[Site ""]
[Date "2009.02.01"]
[Round "2.107"]
[White "Nikitin, Yuri"]
[Black "Zubarev, Alexander"]
[Result "1/2-1/2"]
[WhiteElo "2319"]
[BlackElo "2566"]
[Annotator ""]
[Source ""]
[Remark ""]

1.e4 c5 2.Nf3 d6 3.Bb5+ Nd7 4.O-O Ngf6 5.Re1 a6 6.Bxd7+ Bxd7
7.e5 dxe5 8.Nxe5 e6 9.d4 cxd4 10.Qxd4 Rc8 11.Bg5 Rxc2 12.Nc3
h6 13.Bxf6 gxf6 14.Nxd7 Qxd7 15.Nd5 Be7 16.Nxf6+ Bxf6 17.Qxf6
Rg8 18.Rad1 Re2 19.g3 Rxe1+ 1/2-1/2

[Event "Moscow Open 2009 A"]
[Site ""]
[Date "2009.02.01"]
[Round "2.108"]
[White "Maslak, Konstantin"]
[Black "Potapov, Alexey"]
[Result "1/2-1/2"]
[WhiteElo "2541"]
[BlackElo "2316"]
[Annotator ""]
[Source ""]
[Remark ""]

1.e4 c6 2.d4 d5 3.Nc3 dxe4 4.Nxe4 Nf6 5.Nxf6+ gxf6 6.c3 Qd5 7.Nf3
Bf5 8.g3 Qe4+ 9.Be3 Qc2 10.Qxc2 Bxc2 11.Bg2 Nd7 12.Nh4 Nb6 13.b3
Nd5 14.Bd2 e5 15.O-O O-O-O 16.Bh3+ Kc7 17.Bf5 Bxf5 18.Nxf5 Ne7
19.Nxe7 Bxe7 20.Be3 Ba3 21.Rab1 Bd6 22.f4 exd4 23.Bxd4 Rhe8 24.Rfe1
f5 25.Kg2 Re6 26.Rxe6 fxe6 27.Re1 Kd7 28.Rd1 Ke7 29.h3 b6 30.Be5
Bxe5 31.Rxd8 Kxd8 32.fxe5 Ke7 1/2-1/2

[Event "Moscow Open 2009 A"]
[Site ""]
[Date "2009.02.01"]
[Round "2.109"]
[White "Rakhmanov, Aleksandr"]
[Black "Losev, Dmitry"]
[Result "1-0"]
[WhiteElo "2541"]
[BlackElo "2313"]
[Annotator ""]
[Source ""]
[Remark ""]

1.d4 g6 2.Nf3 Bg7 3.Bf4 Nf6 4.e3 d6 5.h3 O-O 6.Be2 c5 7.c3 Qb6
8.Qb3 Nc6 9.O-O Be6 10.Qa3 cxd4 11.exd4 Rfc8 12.Nbd2 Qa5 13.Qxa5
Nxa5 14.Rfe1 Nd5 15.Bg5 h6 16.Bh4 g5 17.Bg3 Nb6 18.h4 g4 19.Nh2
h5 20.Bd3 Na4 21.Rab1 a6 22.Nhf1 b5 23.Ne3 Bxa2 24.Ra1 Be6 25.Bc2
Nxb2 26.Rxa5 Rxc3 27.Be4 Rac8 28.d5 Rc1 29.Rxc1 Rxc1+ 30.Kh2
Bc8 31.Ra2 Na4 32.Nb3 Rc3 33.Na5 Nc5 34.Bf5 Bxf5 35.Nxf5 Bf6
36.Nc6 Kf8 37.Re2 a5 38.Nfxe7 Rxg3 39.fxg3 a4 40.Nf5 a3 41.Nxd6
Bb2 42.Re8+ Kg7 43.Ra8 Na4 44.Nxb5 Nb6 45.Ra6 Nxd5 46.Nxa3 Ne3
47.Kg1 Bc1 48.Nd4 Bd2 49.Nac2 Nc4 50.Nf5+ Kh7 51.Ncd4 1-0

[Event "Moscow Open 2009 A"]
[Site ""]
[Date "2009.02.01"]
[Round "2.110"]
[White "Kharitonov, Alexandr"]
[Black "Prokopchuk, Yury"]
[Result "1-0"]
[WhiteElo "2537"]
[BlackElo "2310"]
[Annotator ""]
[Source ""]
[Remark ""]

1.d4 Nf6 2.c4 d6 3.Nf3 Bg4 4.g3 Bxf3 5.exf3 c6 6.d5 g6 7.Nc3
Bg7 8.Bg2 O-O 9.O-O Re8 10.f4 e6 11.dxe6 Rxe6 12.f5 gxf5 13.Qd3
Qa5 14.Bd2 Ne4 15.Nxe4 fxe4 16.Bxe4 Qh5 17.Bf5 Re8 18.Rae1 Na6
19.b4 Rad8 20.a3 Nc7 21.Rxe8+ Nxe8 22.Re1 Bf6 23.g4 Qh4 24.Re3
Ng7 25.Rh3 Nxf5 26.Rxh4 1-0

[Event "Moscow Open 2009 A"]
[Site ""]
[Date "2009.02.01"]
[Round "2.111"]
[White "Novikov, Stanislav"]
[Black "Morozov, Grigoriy"]
[Result "1-0"]
[WhiteElo "2523"]
[BlackElo "2306"]
[Annotator ""]
[Source ""]
[Remark ""]

1.c4 e6 2.Nf3 d5 3.b3 c5 4.cxd5 exd5 5.d4 Nc6 6.g3 g6 7.Bg2 Bg7
8.Bb2 Bg4 9.Nbd2 Nge7 10.O-O O-O 11.a3 Re8 12.Re1 a5 13.Ne5 Nxe5
14.dxe5 Qc7 15.f4 Red8 16.Qc2 Qb6 17.Kh1 Be6 18.e3 Nf5 19.Rab1
d4 20.exd4 cxd4 21.Qd3 h5 22.Rbc1 Bf8 23.Be4 Be7 24.Rg1 Kf8 25.h3
Kg7 26.Kh2 Ne3 27.Nf3 Nf5 28.g4 hxg4 29.Rxg4 Kf8 30.Rcg1 Bc5
31.Nd2 Qa6 32.Qf3 Rd7 33.Rg5 Ke7 34.Rc1 Qa7 35.Qd3 Ne3 36.Bxg6
fxg6 37.Qxg6 Rf8 38.Ne4 b6 39.Nf6 Rdd8 40.f5 Bf7 41.Qg7 Qc7 42.Ne4
Qc6 43.Nxc5 bxc5 44.Rg6 Rg8 45.Rxc6 Rxg7 46.f6+ Kd7 47.Rd6+ Ke8
48.Rxd8+ Kxd8 49.fxg7 1-0

[Event "Moscow Open 2009 A"]
[Site ""]
[Date "2009.02.01"]
[Round "2.112"]
[White "Zhumabayev, Rinat"]
[Black "Stoletov, Gennadi"]
[Result "1-0"]
[WhiteElo "2522"]
[BlackElo "2306"]
[Annotator ""]
[Source ""]
[Remark ""]

1.Nf3 c6 2.d4 d5 3.c4 e6 4.Qc2 Nf6 5.Bg5 Nbd7 6.e3 Qa5+ 7.Nbd2
Ne4 8.Bf4 h6 9.Bd3 g5 10.Bg3 f5 11.a3 Ndf6 12.Be5 Bg7 13.h4 g4
14.Bxe4 fxe4 15.Nh2 h5 16.f3 dxc4 17.O-O g3 18.Bxg3 b5 19.fxe4
Ng4 20.Nxg4 hxg4 21.e5 Kd8 22.Qg6 Qxd2 23.Qxg7 Qxe3+ 24.Kh2 Qh6
25.Rf8+ 1-0

[Event "Moscow Open 2009 A"]
[Site ""]
[Date "2009.02.01"]
[Round "2.113"]
[White "Tunik, Gennady"]
[Black "Osmolny, Vladimir I"]
[Result "1-0"]
[WhiteElo "2506"]
[BlackElo "2306"]
[Annotator ""]
[Source ""]
[Remark ""]

1.d4 d5 2.c4 Nc6 3.e3 e5 4.dxe5 d4 5.exd4 Qxd4 6.Qxd4 Nxd4 7.Bd3
Bg4 8.Nc3 O-O-O 9.f3 Be6 10.f4 Ne7 11.Bd2 g5 12.O-O-O Nec6 13.Nh3
gxf4 14.Bxf4 Nb4 15.Be4 Bxc4 16.Bg5 Rd7 17.e6 Nxe6 18.Bxb7+ Kxb7
19.Rxd7 Nxg5 20.Nxg5 Rg8 21.h4 f6 22.b3 Bd3 23.a3 Bf5 24.Rf7
Nd3+ 25.Kd2 Nc5 26.b4 Nb3+ 27.Ke3 Bg7 28.Nd5 fxg5 29.Rxf5 Re8+
30.Kd3 Rd8 31.Rxg5 Bh8 32.Rd1 Nd4 33.Kc4 Ne6 34.Rf5 Rg8 35.Ne3 1-0

[Event "Moscow Open 2009 A"]
[Site ""]
[Date "2009.02.01"]
[Round "2.114"]
[White "Ivanov, Victor L"]
[Black "Dimukhametov, Artur"]
[Result "1/2-1/2"]
[WhiteElo "2499"]
[BlackElo "2250"]
[Annotator ""]
[Source ""]
[Remark ""]

1.e4 c5 2.c3 d5 3.exd5 Qxd5 4.d4 Nc6 5.Nf3 g6 6.Na3 Bg4 7.Be3
Bxf3 8.gxf3 cxd4 9.Nb5 O-O-O 10.Nxd4 Bg7 11.Nxc6 Qxc6 12.Qb3
Bh6 13.Qxf7 Rf8 14.Bh3+ Kb8 15.Qe6 Qxe6 16.Bxe6 Bxe3 17.fxe3
Rxf3 18.Ke2 Rf6 19.Bh3 Rb6 20.b3 Nf6 21.c4 Rd8 22.Rhd1 Rbd6 23.Rxd6
Rxd6 24.Bg2 Re6 25.Rd1 Kc7 26.Bf3 g5 27.Rg1 h6 1/2-1/2

[Event "Moscow Open 2009 A"]
[Site ""]
[Date "2009.02.01"]
[Round "2.115"]
[White "Kozganbayev, Erken"]
[Black "Ipatov, Alexander"]
[Result "0-1"]
[WhiteElo "2161"]
[BlackElo "2493"]
[Annotator ""]
[Source ""]
[Remark ""]

1.e4 c5 2.Nf3 Nc6 3.d4 cxd4 4.Nxd4 Nf6 5.Nc3 d6 6.Bc4 e6 7.Be3
Be7 8.Qe2 Bd7 9.O-O-O Rc8 10.f3 Na5 11.Bb5 a6 12.Bxd7+ Nxd7 13.f4
Nc4 14.Bf2 Qb6 15.Nb3 Qc7 16.Bd4 O-O 17.Rd3 b5 18.Rh3 Bf6 19.Bxf6
Nxf6 20.g4 g6 21.Re1 b4 22.Nd1 a5 23.Nf2 a4 24.Nd4 e5 25.fxe5
dxe5 26.g5 exd4 27.gxf6 Qf4+ 28.Kb1 Nd2+ 29.Ka1 Rxc2 0-1

[Event "Moscow Open 2009 A"]
[Site ""]
[Date "2009.02.01"]
[Round "2.117"]
[White "Krylov, Mikhail"]
[Black "Tkachuk, Andrey"]
[Result "1-0"]
[WhiteElo "2459"]
[BlackElo "2150"]
[Annotator ""]
[Source ""]
[Remark ""]

1.d4 Nf6 2.c4 g6 3.Nf3 Bg7 4.g3 O-O 5.Bg2 d5 6.cxd5 Nxd5 7.O-O
c5 8.dxc5 Na6 9.Ng5 Ndb4 10.Nc3 Nxc5 11.Be3 Qxd1 12.Rfxd1 Ne6
13.Rac1 h6 14.Nge4 Nc6 15.b3 Ned4 16.Nc5 Rb8 17.Bxd4 Bxd4 18.Nb5
Bxc5 19.Rxc5 Bg4 20.Bxc6 Bxe2 21.Re1 bxc6 22.Nxa7 Ra8 23.Rxe2
Rxa7 24.Rxc6 Rfa8 25.a4 1-0

[Event "Moscow Open 2009 A"]
[Site ""]
[Date "2009.02.01"]
[Round "2.118"]
[White "Obodchuk, Andrei"]
[Black "Vakhlamov, Igor L"]
[Result "1-0"]
[WhiteElo "2445"]
[BlackElo "2127"]
[Annotator ""]
[Source ""]
[Remark ""]

1.e4 c5 2.Nf3 Nc6 3.Bb5 e6 4.O-O Nge7 5.c3 a6 6.Ba4 d5 7.exd5
Qxd5 8.d4 Ng6 9.Na3 cxd4 10.Nxd4 Bd7 11.Nxc6 Bxc6 12.Qxd5 exd5
13.Re1+ Kd7 14.Bb3 Bxa3 15.bxa3 Rhe8 16.Rd1 Kc7 17.Be3 Rac8 18.Rd4
Ne5 19.Rad1 Nc4 20.Bxc4 dxc4 1-0